[Event "Moscow-ch"]
[Site "Moscow"]
[Date "1984.??.??"]
[Round "?"]
[White "Gulko, Boris F"]
[Black "Kishnev, Sergey"]
[Result "1/2-1/2"]
[WhiteElo "2470"]
[BlackElo "2260"]
[PlyCount "31"]
[EventDate "1984.04.??"]
[EventType "tourn"]
[EventRounds "15"]
[EventCountry "URS"]
[EventCategory "6"]
[Source "ChessBase"]
[SourceDate "1996.11.15"]
[WhiteTeamCountry "GER"]
[BlackTeamCountry "GER"]

1. c4 Nf6 2. d4 c5 3. d5 b5 4. Nf3 g6 5. cxb5 a6 6. e3 Bg7 7. Nc3 O-O 8. a4 Bb7
9. Bc4 Ne8 10. O-O Nd6 11. bxa6 Nxa6 12. Be2 f5 13. Nb5 Qb8 14. Bd2 Bxd5 15.
Bc3 e6 16. Nxd6 1/2-1/2

[Event "Bundesliga 9192"]
[Site "Germany"]
[Date "1992.??.??"]
[Round "?"]
[White "Hertneck, Gerald"]
[Black "Mainka, Romuald"]
[Result "1/2-1/2"]
[WhiteElo "2530"]
[BlackElo "2455"]
[PlyCount "83"]
[EventDate "1991.10.??"]
[EventType "team"]
[EventRounds "15"]
[EventCountry "GER"]
[Source "ChessBase"]
[SourceDate "1996.11.15"]
[WhiteTeam "Bayern"]
[BlackTeam "Dortmund"]
[WhiteTeamCountry "GER"]
[BlackTeamCountry "GER"]

1. d4 Nf6 2. c4 c5 3. d5 b5 4. cxb5 a6 5. e3 g6 6. Nc3 Bg7 7. Nf3 O-O 8. a4 Bb7
9. Ra3 e6 10. dxe6 fxe6 11. Qd6 Qc8 12. Be2 axb5 13. Bxb5 Ne8 14. Qg3 Bxf3 15.
gxf3 Nc6 16. O-O d5 17. Rd1 c4 18. Ne2 Ne5 19. Nd4 Nd6 20. Rc3 Nxb5 21. axb5
Qd7 22. Qh3 Nd3 23. b3 Ra2 24. Bd2 Nf4 25. exf4 Bxd4 26. bxc4 Rxd2 27. Rxd2
Bxc3 28. Rxd5 Qc8 29. Rd6 Qxc4 30. b6 Qc8 31. Rxe6 Bd4 32. Kg2 Qc2 33. Qh4 Qf5
34. Rd6 Bc5 35. Rc6 Rb8 36. Rc7 h5 37. b7 Bd6 38. Rc8+ Kg7 39. Qd8 Qxf4 40.
Qh8+ Kf7 41. Qe8+ Kg7 42. Qh8+ 1/2-1/2

[Event "Mexico City op"]
[Site "Mexico"]
[Date "1991.??.??"]
[Round "2"]
[White "Martin del Campo, Jorge"]
[Black "Fedorowicz, John P"]
[Result "0-1"]
[WhiteElo "2260"]
[BlackElo "2555"]
[PlyCount "60"]
[EventDate "1991.07.??"]
[EventType "swiss"]
[EventRounds "11"]
[EventCountry "MEX"]
[Source "ChessBase"]
[SourceDate "1996.11.15"]
[WhiteTeamCountry "GER"]
[BlackTeamCountry "GER"]

1. d4 Nf6 2. c4 c5 3. d5 b5 4. cxb5 a6 5. e3 g6 6. Nc3 Bg7 7. a4 O-O 8. Nf3 Bb7
9. Ra3 e6 10. dxe6 fxe6 11. Qd6 Qc8 12. Be2 Ne8 13. Qg3 axb5 14. Bxb5 Bxf3 15.
gxf3 Nc6 16. O-O Ne5 17. Be2 d5 18. Bd2 Nd6 19. b3 Nf5 20. Qh3 g5 21. Ra2 Rf6
22. Rc1 Rh6 23. Qg2 Nh4 24. Qg3 Qf8 25. f4 gxf4 26. exf4 Rg6 27. fxe5 Bxe5 28.
f4 Bd4+ 29. Kh1 Rxg3 30. hxg3 Nf5 0-1

[Event "Vejstrup"]
[Site "Vejstrup"]
[Date "1989.??.??"]
[Round "?"]
[White "Schussler, Harry"]
[Black "Polgar, Sofia"]
[Result "1-0"]
[WhiteElo "2540"]
[BlackElo "2335"]
[PlyCount "49"]
[EventDate "1989.09.??"]
[EventType "tourn"]
[EventRounds "9"]
[EventCountry "DEN"]
[EventCategory "10"]
[Source "ChessBase"]
[SourceDate "1996.11.15"]
[WhiteTeamCountry "GER"]
[BlackTeamCountry "GER"]

1. d4 Nf6 2. c4 c5 3. d5 b5 4. Nf3 g6 5. cxb5 a6 6. e3 Bg7 7. Nc3 O-O 8. a4 Bb7
9. Ra3 e6 10. dxe6 fxe6 11. Qd6 Qc8 12. Be2 axb5 13. axb5 Ne8 14. Qd2 d5 15.
Rxa8 Bxa8 16. O-O Qb7 17. b3 Nd7 18. Ba3 Nc7 19. Na4 Nxb5 20. Nxc5 Nxc5 21.
Bxc5 Rc8 22. b4 e5 23. Ra1 Qc6 24. Bxb5 Qxb5 25. Rxa8 1-0

[Event "Lyon op"]
[Site "Lyon"]
[Date "1990.??.??"]
[Round "?"]
[White "Thorsteins, Karl"]
[Black "Meinsohn, Pierre"]
[Result "1-0"]
[WhiteElo "2455"]
[BlackElo "2295"]
[PlyCount "83"]
[EventDate "1990.12.??"]
[EventType "swiss"]
[EventRounds "11"]
[EventCountry "FRA"]
[Source "ChessBase"]
[SourceDate "1996.11.15"]
[WhiteTeamCountry "GER"]
[BlackTeamCountry "GER"]

1. d4 Nf6 2. c4 c5 3. d5 b5 4. cxb5 a6 5. e3 g6 6. Nc3 Bg7 7. Nf3 O-O 8. a4 Bb7
9. Ra3 e6 10. dxe6 fxe6 11. Qd6 Bxf3 12. gxf3 Qc8 13. f4 Ne8 14. Qd1 axb5 15.
Bxb5 Nc7 16. Be2 d5 17. h4 Nc6 18. h5 Ne7 19. hxg6 hxg6 20. e4 Qb7 21. Nb5 c4
22. Bg4 Ra6 23. Nxc7 Qxc7 24. exd5 exd5 25. Qe2 Nf5 26. Bxf5 Rxf5 27. Re3 Qa5+
28. Kf1 Qxa4 29. Re7 Rf7 30. Rxf7 Kxf7 31. f5 Qd7 32. fxg6+ Rxg6 33. Rh5 Kg8
34. Qf3 c3 35. Rxd5 cxb2 36. Bxb2 Qc8 37. Qd3 Qg4 38. Bxg7 Kxg7 39. Rd7+ Kh6
40. Qe3+ Qg5 41. Qh3+ Qh5 42. Rh7+ 1-0

[Event "Lloyds Bank op"]
[Site "London"]
[Date "1990.??.??"]
[Round "?"]
[White "Babu, N Sudhakar"]
[Black "Hebden, Mark"]
[Result "0-1"]
[WhiteElo "2405"]
[BlackElo "2530"]
[PlyCount "72"]
[EventDate "1990.08.??"]
[EventType "swiss"]
[EventRounds "10"]
[EventCountry "ENG"]
[Source "ChessBase"]
[SourceDate "1996.11.15"]
[WhiteTeamCountry "GER"]
[BlackTeamCountry "GER"]

1. d4 Nf6 2. c4 c5 3. d5 b5 4. cxb5 a6 5. e3 g6 6. Nc3 Bg7 7. Nf3 O-O 8. a4 Bb7
9. Ra3 e6 10. dxe6 fxe6 11. Qd6 axb5 12. Bxb5 Ne4 13. Nxe4 Bxe4 14. Bd3 Bxd3
15. Rxd3 Qa5+ 16. Bd2 Qxa4 17. Ra3 Qc6 18. Qxc6 Nxc6 19. Bc1 Rab8 20. b3 Rb5
21. Kd1 Rfb8 22. Kc2 Nb4+ 23. Kd2 d5 24. Rd1 h6 25. h3 R8b7 26. Ra8+ Kf7 27.
Ra3 e5 28. Bb2 Nc6 29. Kc2 c4 30. Nd2 Nb4+ 31. Kb1 Nd3 32. e4 cxb3 33. exd5
Nxb2 34. Kxb2 e4+ 35. Kc1 Rc5+ 36. Kb1 Rxd5 0-1

[Event "Philadelphia"]
[Site "Philadelphia"]
[Date "1989.??.??"]
[Round "5"]
[White "Stone, Raymond"]
[Black "Popovych, Orest"]
[Result "1-0"]
[WhiteElo "2345"]
[BlackElo "2270"]
[PlyCount "73"]
[EventDate "1989.??.??"]
[EventType "tourn"]
[EventRounds "11"]
[EventCountry "USA"]
[EventCategory "4"]
[Source "ChessBase"]
[SourceDate "1996.11.15"]
[WhiteTeamCountry "GER"]
[BlackTeamCountry "GER"]

1. d4 Nf6 2. c4 c5 3. d5 b5 4. cxb5 a6 5. e3 g6 6. Nc3 Bg7 7. a4 O-O 8. Nf3 Bb7
9. Ra3 e6 10. dxe6 fxe6 11. Qd6 axb5 12. Bxb5 Ne4 13. Nxe4 Bxe4 14. Bd3 Bxd3
15. Qxd3 d5 16. b3 Nc6 17. O-O Qe7 18. e4 d4 19. Bd2 h6 20. Ra2 Rf7 21. Qb5 Rc8
22. Rc2 Rxf3 23. Rxc5 Rb8 24. Qxc6 Rfxb3 25. Rb5 Kh7 26. g3 R8xb5 27. axb5 Qa7
28. Qxe6 Rxb5 29. Rc1 Re5 30. Qb3 Qd7 31. Qd3 Rh5 32. h4 Rb5 33. Kg2 Qb7 34.
Qf3 Rb3 35. Qf4 Qa6 36. Rc7 Rb7 37. Qxh6+ 1-0

[Event "BCF-ch"]
[Site "Swansea"]
[Date "1987.??.??"]
[Round "?"]
[White "Conquest, Stuart"]
[Black "Hodgson, Julian M"]
[Result "1/2-1/2"]
[WhiteElo "2395"]
[BlackElo "2510"]
[PlyCount "88"]
[EventDate "1987.08.??"]
[EventType "swiss"]
[EventRounds "11"]
[EventCountry "ENG"]
[Source "ChessBase"]
[SourceDate "1996.11.15"]
[WhiteTeamCountry "GER"]
[BlackTeamCountry "GER"]

1. d4 Nf6 2. c4 c5 3. d5 b5 4. Nf3 g6 5. cxb5 a6 6. e3 Bg7 7. Nc3 O-O 8. a4 Bb7
9. Ra3 axb5 10. Bxb5 e6 11. dxe6 fxe6 12. Qd6 Ne4 13. Nxe4 Bxe4 14. O-O Nc6 15.
Rd1 Rxf3 16. Bxc6 Bxc6 17. gxf3 Bxf3 18. Re1 c4 19. b4 cxb3 20. Rxb3 Bd5 21.
Rd3 Be4 22. Rb3 Bc2 23. Rb7 Bxa4 24. e4 Bc6 25. Rb3 Bf8 26. Qg3 Qa5 27. f3 Bd6
28. Qf2 Rf8 29. Kh1 Qa4 30. Rd3 Bxe4 31. Rxe4 Qxe4 32. fxe4 Rxf2 33. Rxd6 Rf1+
34. Kg2 Rxc1 35. Rxd7 Rc2+ 36. Kg3 Re2 37. Kf4 Rxh2 38. Ke5 Rf2 39. Kxe6 h5 40.
e5 h4 41. Rd3 Kg7 42. Kd7 Rf7+ 43. Kd8 Rf8+ 44. Kd7 Rf7+ 1/2-1/2

[Event "Barcelona Vulca"]
[Site "Barcelona"]
[Date "1991.??.??"]
[Round "6"]
[White "Campos Moreno, Javier B"]
[Black "Cramling, Pia"]
[Result "1/2-1/2"]
[WhiteElo "2480"]
[BlackElo "2470"]
[PlyCount "81"]
[EventDate "1991.06.??"]
[EventType "tourn"]
[EventRounds "9"]
[EventCountry "ESP"]
[EventCategory "9"]
[Source "ChessBase"]
[SourceDate "1996.11.15"]
[WhiteTeamCountry "GER"]
[BlackTeamCountry "GER"]

1. d4 Nf6 2. c4 c5 3. d5 b5 4. cxb5 a6 5. e3 g6 6. Nc3 Bg7 7. e4 O-O 8. a4 e6
9. e5 Nxd5 10. Nxd5 exd5 11. Qxd5 Ra7 12. Nf3 axb5 13. Bxb5 Na6 14. Bg5 Qa5+
15. Qd2 Qb6 16. O-O Nc7 17. Bc4 Ne6 18. a5 Qc6 19. Be7 Re8 20. Bd6 Bb7 21. Rfc1
Nd4 22. Qf4 Re6 23. a6 Ba8 24. Rc3 h6 25. Qg4 Rxd6 26. exd6 Qxd6 27. Nxd4 Bxd4
28. Rb3 Qf6 29. Rb8+ Kg7 30. Rf1 h5 31. Qe2 Be5 32. Re8 d6 33. Rxa8 Rxa8 34.
Bd5 Ra7 35. Qb5 Bxh2+ 36. Kxh2 Qe5+ 37. Kg1 Qxd5 38. Qb6 Ra8 39. Re1 Qa2 40.
Qxd6 Rxa6 41. Qe5+ 1/2-1/2

[Event "Stara Zagora zt-A"]
[Site "Stara Zagora"]
[Date "1990.??.??"]
[Round "12"]
[White "Gruenberg, Hans Ulrich"]
[Black "Georgiev, Kiril"]
[Result "1/2-1/2"]
[WhiteElo "2470"]
[BlackElo "2605"]
[PlyCount "127"]
[EventDate "1990.02.??"]
[EventType "tourn"]
[EventRounds "13"]
[EventCountry "BUL"]
[EventCategory "9"]
[Source "ChessBase"]
[SourceDate "1996.11.15"]
[WhiteTeamCountry "GER"]
[BlackTeamCountry "GER"]

1. d4 Nf6 2. c4 c5 3. d5 b5 4. Nf3 d6 5. cxb5 a6 6. e3 g6 7. Nc3 Bg7 8. a4 O-O
9. e4 axb5 10. Bxb5 Ba6 11. Bg5 h6 12. Bd2 Nbd7 13. O-O Ng4 14. Qc2 Nge5 15.
Nxe5 Nxe5 16. Bxa6 Rxa6 17. Nb5 g5 18. f4 gxf4 19. Bxf4 Ng6 20. Bd2 Qd7 21.
Rae1 Qg4 22. Re3 Be5 23. Bc3 Kh7 24. Ref3 Bxc3 25. Nxc3 Ne5 26. Rg3 Qh4 27. Rh3
Qg4 28. Qd2 Qg7 29. Rf5 Rg8 30. Qe2 Raa8 31. Rxh6+ Qxh6 32. Rh5 Rg6 33. Rxh6+
Kxh6 34. b3 Rag8 35. Nd1 Rf6 36. Ne3 Nf3+ 37. Kh1 Nd4 38. Qe1 Rf4 39. g3 Rf3
40. Kg2 Kh7 41. Qd1 Rg5 42. Nf5 Rc3 43. Nxd4 cxd4 44. b4 d3 45. b5 Re5 46. b6
Rc2+ 47. Kh3 Rb2 48. a5 d2 49. a6 Rxb6 50. a7 Ra6 51. Qxd2 Kg6 52. Qd4 Rh5+ 53.
Kg4 Rxh2 54. e5 Rha2 55. Qd3+ Kg7 56. Qf5 R2a4+ 57. Kh3 dxe5 58. Qxe5+ Kg6 59.
Qxe7 Rxa7 60. Qe5 f6 61. Qe8+ Kg7 62. d6 Rd4 63. Qe3 Rda4 64. Qe8 1/2-1/2

[Event "Lloyds Bank op"]
[Site "London"]
[Date "1985.??.??"]
[Round "?"]
[White "Beliavsky, Alexander G"]
[Black "Hodgson, Julian M"]
[Result "1-0"]
[WhiteElo "2640"]
[BlackElo "2445"]
[PlyCount "59"]
[EventDate "1985.08.??"]
[EventType "swiss"]
[EventRounds "9"]
[EventCountry "ENG"]
[Source "ChessBase"]
[SourceDate "1996.11.15"]
[WhiteTeamCountry "GER"]
[BlackTeamCountry "GER"]

1. d4 Nf6 2. c4 c5 3. d5 b5 4. cxb5 a6 5. e3 g6 6. Nc3 Bg7 7. a4 O-O 8. e4 d6
9. Nf3 axb5 10. Bxb5 Ba6 11. Bd2 Nbd7 12. O-O Ng4 13. Qe2 Qa5 14. Ra3 Rfb8 15.
Rfa1 Qb6 16. Ne1 Ngf6 17. Nd3 Bxb5 18. axb5 Rxa3 19. bxa3 c4 20. Nb4 Nc5 21.
Ra2 Nb3 22. Be3 Nd4 23. Qd1 Nxb5 24. Bxb6 Nxc3 25. Qc2 Nxa2 26. Qxa2 Rxb6 27.
Qxc4 Rb8 28. g3 Ng4 29. Qc7 Re8 30. Nc6 1-0

[Event "New York Marshall CC"]
[Site "New York"]
[Date "1992.??.??"]
[Round "6"]
[White "Benjamin, Joel"]
[Black "Sagalchik, Gennadij"]
[Result "1-0"]
[WhiteElo "2570"]
[BlackElo "2490"]
[PlyCount "81"]
[EventDate "1992.??.??"]
[EventType "tourn"]
[EventRounds "13"]
[EventCountry "USA"]
[EventCategory "6"]
[Source "ChessBase"]
[SourceDate "1996.11.15"]
[WhiteTeamCountry "HUN"]
[BlackTeamCountry "ESP"]

1. d4 Nf6 2. c4 c5 3. d5 b5 4. cxb5 a6 5. e3 g6 6. Nc3 Bg7 7. a4 O-O 8. Ra3 d6
9. Nf3 axb5 10. Bxb5 Na6 11. Nd2 Nd7 12. e4 Nc7 13. Be2 Ba6 14. O-O Bxe2 15.
Qxe2 Qc8 16. Re1 Qa6 17. Nb5 Qb7 18. Rb3 Nb6 19. Nxd6 Qa7 20. N6c4 Nxa4 21. Nf3
Rfb8 22. Rxb8+ Qxb8 23. Bf4 Qb7 24. Qc2 Nb5 25. Qb3 Ra7 26. e5 Nc7 27. Qxb7
Rxb7 28. d6 Ne6 29. Ra1 Nxf4 30. Rxa4 exd6 31. Ra8+ Bf8 32. exd6 Kg7 33. Nfe5
f6 34. Nc6 Rd7 35. Rd8 Rb7 36. g3 Ne6 37. Re8 Nd4 38. Nxd4 cxd4 39. Rc8 Rb4 40.
d7 Be7 41. Re8 1-0

[Event "Boeblingen op"]
[Site "Boeblingen"]
[Date "1985.??.??"]
[Round "?"]
[White "Schneider, Bernd"]
[Black "Kessler, Andreas"]
[Result "1/2-1/2"]
[WhiteElo "2200"]
[BlackElo "2200"]
[PlyCount "54"]
[EventDate "1985.??.??"]
[EventType "swiss"]
[EventRounds "9"]
[EventCountry "GER"]
[Source "ChessBase"]
[SourceDate "1996.11.15"]
[WhiteTeamCountry "HUN"]
[BlackTeamCountry "ESP"]

1. d4 Nf6 2. c4 c5 3. d5 b5 4. Nf3 g6 5. cxb5 a6 6. e3 Bg7 7. Nc3 O-O 8. a4 d6
9. Ra3 e6 10. Bc4 axb5 11. Nxb5 exd5 12. Bxd5 Nxd5 13. Qxd5 Ra6 14. O-O Be6 15.
Qg5 Qb6 16. Rd1 Rd8 17. Qh4 d5 18. e4 d4 19. Ng5 h5 20. Nxe6 fxe6 21. Rg3 e5
22. Rxg6 Qxg6 23. Qxd8+ Kh7 24. Qxb8 Qxe4 25. Nd6 Qd5 26. Ne8 Rg6 27. g3 Qf3
1/2-1/2

[Event "ISR-ch"]
[Site "Israel"]
[Date "1986.??.??"]
[Round "?"]
[White "Birnboim, Nathan"]
[Black "Manor, Ilan"]
[Result "1-0"]
[WhiteElo "2430"]
[BlackElo "2425"]
[PlyCount "91"]
[EventDate "1986.??.??"]
[EventType "tourn"]
[EventRounds "15"]
[EventCountry "ISR"]
[EventCategory "6"]
[Source "ChessBase"]
[SourceDate "1996.11.15"]
[WhiteTeamCountry "HUN"]
[BlackTeamCountry "ESP"]

1. d4 Nf6 2. c4 c5 3. d5 b5 4. Nf3 g6 5. cxb5 a6 6. e3 Bg7 7. Nc3 O-O 8. a4 d6
9. Ra3 e6 10. Bc4 exd5 11. Nxd5 axb5 12. Bxb5 Bb7 13. Bc4 Nxd5 14. Bxd5 Bxd5
15. Qxd5 Qa5+ 16. Nd2 Na6 17. O-O Nb4 18. Qe4 d5 19. Qb1 Qa6 20. b3 Qe2 21. Nf3
Rab8 22. Bd2 Rfc8 23. a5 Qa6 24. e4 Nd3 25. exd5 c4 26. Ne1 Qd6 27. Nc2 Bb2 28.
Ra4 Rxb3 29. Ne3 Be5 30. Qd1 c3 31. Qxb3 Nc5 32. Qc4 cxd2 33. Ra2 Bxh2+ 34. Kh1
Bf4 35. Rxd2 Qe5 36. g3 Bxe3 37. fxe3 Qxg3 38. Qf4 Qxf4 39. Rxf4 Ra8 40. Ra2
Ra6 41. Rb4 Kf8 42. Rb6 Ra7 43. a6 Ke7 44. Rb5 Nd7 45. Rb7 Rxb7 46. axb7 1-0

[Event "BUL-FRA"]
[Site "Bulgaria"]
[Date "1985.??.??"]
[Round "11"]
[White "Andruet, Gilles"]
[Black "Tringov, Georgi P"]
[Result "1-0"]
[WhiteElo "2390"]
[BlackElo "2460"]
[PlyCount "106"]
[EventDate "1985.??.??"]
[EventType "schev"]
[EventRounds "6"]
[EventCountry "BUL"]
[Source "ChessBase"]
[SourceDate "1996.11.15"]
[WhiteTeamCountry "HUN"]
[BlackTeamCountry "ESP"]

1. d4 Nf6 2. c4 c5 3. d5 b5 4. cxb5 a6 5. e3 g6 6. Nc3 Bg7 7. Nf3 O-O 8. a4 d6
9. Ra3 Bb7 10. e4 e6 11. dxe6 fxe6 12. e5 dxe5 13. Qxd8 Rxd8 14. Be3 Nbd7 15.
bxa6 Bxa6 16. Bxa6 Rxa6 17. Ke2 Nd5 18. Nd2 Nf4+ 19. Kf3 Nd3 20. Nc4 Nb4 21.
Rc1 Nc6 22. Ne4 Nd4+ 23. Bxd4 exd4 24. Ke2 Bf8 25. a5 Rb8 26. f3 Rb7 27. Nf2
Rb5 28. Nd3 Nb8 29. Rca1 Nc6 30. Kd1 Be7 31. Kc2 Bd8 32. Rb3 Nb4+ 33. Nxb4 cxb4
34. Rd3 e5 35. f4 exf4 36. Rxd4 b3+ 37. Kd3 Bf6 38. Rd7 Rg5 39. Ra3 Rxg2 40.
Rxb3 Ra8 41. Rb6 Rxh2 42. a6 Rh3+ 43. Kc2 Bd8 44. Rxd8+ Rxd8 45. a7 Rh2+ 46.
Kb1 Re2 47. Rb8 Ree8 48. a8=Q Rxb8 49. Qd5+ Kg7 50. Qd4+ Kh6 51. Qxf4+ g5 52.
Qf6+ Kh5 53. Ne5 Rf8 1-0

[Event "YUG-ch"]
[Site "Novi Sad"]
[Date "1985.??.??"]
[Round "?"]
[White "Cvitan, Ognjen"]
[Black "Kobas, Adnan"]
[Result "1-0"]
[WhiteElo "2465"]
[BlackElo "2320"]
[PlyCount "69"]
[EventDate "1985.02.??"]
[EventType "tourn"]
[EventRounds "17"]
[EventCountry "YUG"]
[EventCategory "7"]
[Source "ChessBase"]
[SourceDate "1996.11.15"]
[WhiteTeamCountry "HUN"]
[BlackTeamCountry "ESP"]

1. d4 Nf6 2. c4 c5 3. d5 b5 4. Nf3 g6 5. cxb5 a6 6. e3 Bg7 7. Nc3 O-O 8. a4 d6
9. Ra3 Ne8 10. Qb3 Nd7 11. Bd2 Rb8 12. Be2 Nc7 13. O-O e6 14. e4 exd5 15. exd5
Re8 16. Bg5 f6 17. Bf4 Nb6 18. a5 Nxb5 19. Nxb5 Rxe2 20. Bxd6 Rxb2 21. Qxb2 Nc4
22. Qa2 Rxb5 23. Qxc4 Qxd6 24. Re1 Bd7 25. h4 Rb4 26. Qe2 f5 27. Re3 Bb5 28.
Qd1 Bd4 29. Nxd4 Rxd4 30. Qc1 Rxh4 31. Re5 Rd4 32. Qh6 Re4 33. R1xe4 fxe4 34.
Qf4 Qd8 35. Qxe4 1-0

[Event "Lugano op"]
[Site "Lugano"]
[Date "1989.??.??"]
[Round "9"]
[White "Petursson, Margeir"]
[Black "Manca, Federico"]
[Result "1-0"]
[WhiteElo "2530"]
[BlackElo "2285"]
[PlyCount "75"]
[EventDate "1989.03.??"]
[EventType "swiss"]
[EventRounds "9"]
[EventCountry "SUI"]
[Source "ChessBase"]
[SourceDate "1996.11.15"]
[WhiteTeamCountry "HUN"]
[BlackTeamCountry "ESP"]

1. d4 Nf6 2. c4 c5 3. d5 b5 4. cxb5 a6 5. e3 g6 6. Nc3 Bg7 7. Nf3 O-O 8. a4 d6
9. Ra3 Nbd7 10. e4 Ng4 11. Nd2 f5 12. Be2 axb5 13. Nxb5 Nxf2 14. Kxf2 fxe4+ 15.
Ke1 Nf6 16. Nc3 Rb8 17. Nc4 Rb4 18. a5 Bb7 19. a6 Ba8 20. Bg5 e6 21. dxe6 d5
22. e7 Qxe7 23. Nxd5 Bxd5 24. Qxd5+ Nxd5 25. Bxe7 Nxe7 26. Rf1 Ra8 27. Nd6 Bxb2
28. Re3 Nd5 29. Rxe4 Rxe4 30. Nxe4 Re8 31. a7 Kg7 32. Kd2 Ra8 33. Rb1 Be5 34.
Rb7+ Kh6 35. Bf3 c4 36. g4 Bf4+ 37. Kc2 Rd8 38. g5+ 1-0

[Event "Groningen op"]
[Site "Groningen"]
[Date "1990.??.??"]
[Round "1"]
[White "Chachere, Lawrence"]
[Black "Van Riemsdijk, Herman C"]
[Result "0-1"]
[WhiteElo "2265"]
[BlackElo "2440"]
[PlyCount "52"]
[EventDate "1990.??.??"]
[EventType "swiss"]
[EventRounds "9"]
[EventCountry "NED"]
[Source "ChessBase"]
[SourceDate "1996.11.15"]
[WhiteTeamCountry "HUN"]
[BlackTeamCountry "ESP"]

1. d4 Nf6 2. c4 c5 3. d5 b5 4. cxb5 a6 5. e3 g6 6. Nc3 Bg7 7. Nf3 O-O 8. a4 d6
9. Ra3 Nbd7 10. e4 Bb7 11. Bc4 Nb6 12. Qd3 Nxc4 13. Qxc4 Nd7 14. O-O Nb6 15.
Qb3 axb5 16. axb5 Qd7 17. Nd2 f5 18. Nc4 Nxc4 19. Qxc4 fxe4 20. Rxa8 Bxa8 21.
Qxe4 Rf5 22. Qa4 Qe8 23. g4 Rf8 24. Be3 Qf7 25. Rb1 Bxc3 26. bxc3 Qxd5 0-1

[Event "Buenos Aires Konex"]
[Site "Buenos Aires"]
[Date "1991.??.??"]
[Round "2"]
[White "Scarella, Enrique Alejandro"]
[Black "Giardelli, Sergio Carlos"]
[Result "1/2-1/2"]
[WhiteElo "2245"]
[BlackElo "2435"]
[PlyCount "95"]
[EventDate "1991.03.??"]
[EventType "swiss"]
[EventRounds "9"]
[EventCountry "ARG"]
[Source "ChessBase"]
[SourceDate "1996.11.15"]
[WhiteTeamCountry "HUN"]
[BlackTeamCountry "ESP"]

1. d4 Nf6 2. c4 c5 3. d5 b5 4. cxb5 a6 5. e3 g6 6. Nc3 Bg7 7. Nf3 O-O 8. a4 d6
9. Ra3 Nbd7 10. e4 Bb7 11. Be2 Qc7 12. O-O Rfb8 13. Nd2 axb5 14. Bxb5 Ba6 15.
Nc4 Nb6 16. b3 Qc8 17. Na5 Bxb5 18. axb5 Qc7 19. Nc6 Rxa3 20. Bxa3 Ra8 21. Bc1
Nc8 22. Qe2 Qb7 23. f4 Ne8 24. e5 Nc7 25. f5 dxe5 26. fxg6 fxg6 27. Qf3 Nd6 28.
Nxe7+ Kh8 29. Qh3 Re8 30. Qd7 Ncxb5 31. Qxb7 Nxb7 32. Nxg6+ hxg6 33. Nxb5 Rd8
34. Rd1 Na5 35. Bg5 Rd7 36. Rd3 e4 37. Rh3+ Kg8 38. d6 Nc6 39. Rh4 Nd4 40. Nxd4
Bxd4+ 41. Kf1 Rxd6 42. Rxe4 Rb6 43. Be3 Rxb3 44. Bxd4 cxd4 45. Rxd4 Kg7 46. Kf2
Kh6 47. Re4 Rb2+ 48. Re2 1/2-1/2

[Event "Helsinki"]
[Site "Helsinki"]
[Date "1983.??.??"]
[Round "1"]
[White "Hurme, Harri M"]
[Black "Gurevich, Dmitry"]
[Result "0-1"]
[WhiteElo "2355"]
[BlackElo "2470"]
[PlyCount "50"]
[EventDate "1983.03.??"]
[EventType "tourn"]
[EventRounds "11"]
[EventCountry "FIN"]
[EventCategory "9"]
[Source "ChessBase"]
[SourceDate "1996.11.15"]
[WhiteTeamCountry "HUN"]
[BlackTeamCountry "ESP"]

1. d4 Nf6 2. c4 c5 3. d5 b5 4. cxb5 a6 5. e3 g6 6. Nc3 Bg7 7. Bc4 O-O 8. Nge2
Ne8 9. O-O Nd6 10. Qb3 Nxc4 11. Qxc4 d6 12. a4 Nd7 13. Ra3 Ne5 14. Qb3 Qa5 15.
Ne4 Qb4 16. Qxb4 cxb4 17. Rb3 Bb7 18. Nf4 a5 19. f3 Rfc8 20. Bd2 Nc4 21. Rc1 f5
22. Rxc4 Rxc4 23. Ng5 Rc2 24. Rd3 Bxb2 25. e4 Rxd2 0-1

[Event "Cannes op"]
[Site "Cannes"]
[Date "1988.??.??"]
[Round "?"]
[White "Fedorowicz, John P"]
[Black "Adrian, Claude"]
[Result "1-0"]
[WhiteElo "2560"]
[BlackElo "2230"]
[PlyCount "47"]
[EventDate "1988.02.??"]
[EventType "swiss"]
[EventRounds "9"]
[EventCountry "FRA"]
[Source "ChessBase"]
[SourceDate "1996.11.15"]
[WhiteTeamCountry "HUN"]
[BlackTeamCountry "ESP"]

1. d4 Nf6 2. c4 c5 3. d5 b5 4. cxb5 a6 5. e3 g6 6. Nc3 Bg7 7. Bc4 O-O 8. Nge2
Bb7 9. O-O e6 10. Nf4 axb5 11. Nxb5 exd5 12. Nxd5 Nxd5 13. Bxd5 Bxd5 14. Qxd5
Na6 15. e4 Qb6 16. a4 Nb4 17. Qc4 Rfc8 18. Qe2 d5 19. exd5 Nxd5 20. Rd1 Re8 21.
Qf3 Nb4 22. Bg5 Bxb2 23. Nd6 Rf8 24. Ne4 1-0

[Event "Paris-ch op"]
[Site "Paris"]
[Date "1989.??.??"]
[Round "2"]
[White "Lautier, Joel"]
[Black "Benjamin, Joel"]
[Result "1-0"]
[WhiteElo "2450"]
[BlackElo "2545"]
[PlyCount "49"]
[EventDate "1989.05.??"]
[EventType "swiss"]
[EventRounds "9"]
[EventCountry "FRA"]
[Source "ChessBase"]
[SourceDate "1996.11.15"]
[WhiteTeamCountry "HUN"]
[BlackTeamCountry "ESP"]

1. d4 Nf6 2. c4 c5 3. d5 b5 4. cxb5 a6 5. e3 g6 6. Nc3 Bg7 7. a4 O-O 8. Bc4 Bb7
9. Nge2 e6 10. Nf4 axb5 11. Bxb5 Nxd5 12. Ncxd5 exd5 13. O-O d4 14. exd4 Bxd4
15. Ne2 Be5 16. f4 Bf6 17. f5 Nc6 18. Qd6 Nd4 19. fxg6 Nxe2+ 20. Bxe2 Bd4+ 21.
Kh1 hxg6 22. Bc4 Kg7 23. Ra3 Qh4 24. Rg3 Rae8 25. Bg5 1-0

[Event "Silkeborg"]
[Site "Silkeborg"]
[Date "1983.??.??"]
[Round "3"]
[White "Spassov, Liuben"]
[Black "Hebden, Mark"]
[Result "0-1"]
[WhiteElo "2475"]
[BlackElo "2495"]
[PlyCount "94"]
[EventDate "1983.??.??"]
[EventType "tourn"]
[EventRounds "11"]
[EventCountry "DEN"]
[EventCategory "7"]
[Source "ChessBase"]
[SourceDate "1996.11.15"]
[WhiteTeamCountry "HUN"]
[BlackTeamCountry "ESP"]

1. d4 Nf6 2. c4 c5 3. d5 b5 4. cxb5 a6 5. e3 g6 6. Nc3 Bg7 7. a4 O-O 8. Bc4 e6
9. Nge2 axb5 10. Bxb5 exd5 11. Nxd5 Bb7 12. Bc4 Ng4 13. Nef4 Ne5 14. Be2 Na6
15. O-O Re8 16. e4 Nc6 17. f3 Rb8 18. Rb1 Nab4 19. Be3 d6 20. Nxb4 Nxb4 21. Bb5
Bc6 22. Bxc6 Nxc6 23. Qd2 Rb3 24. Nd5 Qb8 25. Bg5 Re6 26. Nf4 Bd4+ 27. Kh1 Be3
28. Qd5 Nd4 29. Bh6 Re5 30. Qc4 d5 31. Nxd5 Bxh6 32. Nf6+ Kg7 33. Nd7 Qd6 34.
Nxe5 Qxe5 35. Qd5 Qxd5 36. exd5 Bd2 37. Rfd1 Bb4 38. Rdc1 Re3 39. a5 Nb3 40.
Rd1 Bxa5 41. d6 Bd2 42. Rf1 Rd3 43. Rbd1 Rxd6 44. Rf2 Re6 45. g3 Be3 46. Rc2
Bd4 47. Kg2 Rb6 0-1